000
00323nam a2200145Ia 4500
100
_a
Roth/ C.H.
650
_a
Electrical Engineering
942
_c
BK
654
_a
Logic Design
245
_a
Fundamentls of Logic Design Edn-4
260
_b
Jaico Pub
_a
Bombay
_c
1994
300
_a
770
546
_a
ENGLISH
999
_c
32896
_d
32896